Hollow Knight Bosses - Statistics

General Stats
  • This quiz has been taken 400 times
    188 since last reset
  • The average score is 35 of 47
Answer Stats
Bosses / Warrior Dreams / Dream Realm / Pantheon % Correct
Hornet Protector
96%
Hornet Sentinel
96%
Radiance
96%
Broken Vessel
93%
False Knight
93%
Absolute Radiance
89%
Lost Kin
86%
Hollow Knight
85%
Pure Vessel
85%
Mantis Lords
84%
Winged Nosk
84%
Xero
82%
Brothers Oro & Mato
81%
Markoth
81%
White Defender
81%
Dung Defender
80%
Failed Champion
80%
Great Nailsage Sly
80%
Nosk
80%
Sisters of Battle
80%
Soul Tyrant
80%
Paintmaster Sheo
78%
Soul Master
78%
Marmu
77%
No Eyes
77%
Gruz Mother
76%
Uumuu
76%
Gorb
74%
Grimm
74%
Elder Hu
73%
Massive Moss Charger
73%
Nightmare King Grimm
73%
Traitor Lord
70%
Zote
68%
Brooding Mawlek
66%
Vengefly King
66%
Watcher Knight
66%
God Tamer
65%
Grey Prince Zote
64%
Soul Warrior
64%
Crystal Guardian
62%
Hive Knight
58%
Oblobbles
58%
Galien
57%
Flukemarm
54%
Enraged Guardian
51%
The Collector
50%
No matching quizzes found
Score Distribution
Percent of People with Each Score
Percentile by Number Answered
Your Score History
You have not taken this quiz since the last reset